000 00334nam a2200133Ia 4500
005 20251222155121.0
008 251222s9999||||xx |||||||||||||| ||spa||
082 _aNUT. 10
100 _aAmerican Colleg.
245 0 _aGuia para la Inmunización del Adulto 2da. Edic.
250 _a2da. ed.
264 _bPanamericana
942 _cLIB
999 _c38422
_d38422